| 000 | 01969nam a22003854a 4500 | ||
|---|---|---|---|
| 001 | ebr10062669 | ||
| 003 | CaPaEBR | ||
| 006 | m u | ||
| 007 | cr cn||||||||| | ||
| 008 | 020610s2002 txua s 001 0 eng | ||
| 010 | _z 2002009176 | ||
| 020 | _z1574411527 (hbk. : alk. paper) | ||
| 020 | _z1574411535 (pbk. : alk. paper) | ||
| 040 |
_aCaPaEBR _cCaPaEBR |
||
| 035 | _a(OCoLC)614584733 | ||
| 050 | 1 | 4 |
_aHV9475.T4 _bR46 2002eb |
| 082 | 0 | 4 |
_a365/.6/09764 _221 |
| 100 | 1 |
_aRenaud, Jorge Antonio, _d1956- |
|
| 245 | 1 | 0 |
_aBehind the walls _h[electronic resource] : _ba guide for family and friends of Texas inmates / _cJorge Antonio Renaud. |
| 246 | 1 | 4 | _aGuide for families and friends of Texas prison inmates |
| 250 | _a1st ed. | ||
| 260 |
_aDenton, Tex. : _bUniversity of North Texas Press, _cc2002. |
||
| 300 |
_axxii, 218 p. : _bill. |
||
| 490 | 1 |
_aNorth Texas crime and criminal justice series ; _vno. 1 |
|
| 500 | _aIncludes index. | ||
| 505 | 0 | _aA short history of Texas prisons -- Diagnostic -- Living quarters -- Food -- Clothing -- Work -- Administrative segregation -- Medical/dental -- Recreation -- Money -- Mail -- Visits and phone calls -- Religion -- Law Libaries/libraries -- Craft shop -- Substance abuse -- Education -- Discipline -- Lockdowns -- Drugs -- Racism, gangs and violence -- Parole and good-time -- Emergencies -- The ECHO -- Helping convicts stay out of prison. | |
| 533 |
_aElectronic reproduction. _bPalo Alto, Calif. : _cebrary, _d2013. _nAvailable via World Wide Web. _nAccess may be limited to ebrary affiliated libraries. |
||
| 650 | 0 |
_aPrisons _zTexas. |
|
| 650 | 0 |
_aPrison administration _zTexas. |
|
| 650 | 0 |
_aPrisoners _zTexas. |
|
| 655 | 7 |
_aElectronic books. _2local |
|
| 710 | 2 | _aebrary, Inc. | |
| 830 | 0 |
_aNorth Texas crime and criminal justice series ; _vno. 1. |
|
| 856 | 4 | 0 |
_uhttp://site.ebrary.com/lib/rucke/Doc?id=10062669 _zAn electronic book accessible through the World Wide Web; click to view |
| 999 |
_c47068 _d47068 |
||